| 000 | 00492nam a2200145Ia 4500 | ||
|---|---|---|---|
| 999 |
_c12899 _d12899 |
||
| 082 | _aTM.0187 | ||
| 100 | _aMehta, T.C. | ||
| 245 | 0 | _aDynamics of agriculture in a Canal Command Area : A study of changing cropping pattern in Chambal Command Area, Rajasthan | |
| 260 |
_c1979 _bUniversity of Rajasthan |
||
| 300 | _a315p. + C D - 41 | ||
| 650 | _aCROPPING SYSTEMS - RAJASTHAN - CHAMBAL AREA | ||
| 650 | _aAGRICULTURE - RAJASTHAN - CHAMBAL AREA | ||
| 710 | _aBarla, C.S. | ||
| 942 |
_cTH _2ddc |
||